000 00871nas a2200301 4500
001 BR0100551
003 BR-BrBNA
005 20231205102041.0
007 ta
008 230509b bl.|||p| |||| 00| 00por d
040 _aBR-BrBNA
_bpor
_cBiblioteca Nacional de Agricultura
041 _a(Pt)
072 _aP35
100 1 _aGuilherme, L.R.G.
100 1 _aCuri, N.
100 1 _aSilva, M.L.N.
100 1 _aReno, N.B.
100 1 _aMachado, R.A.F.
245 1 _aAdsorcao de fosforo em solos de varzea do Estado de Minas Gerais
650 _aFosforo
650 _aSolo
650 _aPropriedade Fisico-Quimica
650 _aVarzea
650 _aMinas Gerais
773 0 _tRevista Brasileira de Ciencia do Solo (Brazil)
_xISSN 0100-0683
_g(Jan-Mar 2000), v. 24(1) p. 27-34
_wBR0100551
909 _a202311
_bLúcia
_c55
_dLúcia Elande
942 _2AGRIS
_n0
_cANA
999 _c165464
_d165464